|
|
|
|
| LEADER |
00829ncm a22002172a 4500 |
| 001 |
000299173 |
| 003 |
CZ BrMZK |
| 005 |
20110530125920.0 |
| 007 |
qu |
| 008 |
980105s1903 it f ger d |
| 040 |
|
|
|a BOA001
|b cze
|
| 072 |
|
7 |
|a 782
|x Divadelní hudba. Opera, opereta, muzikál
|2 Konspekt
|9 9
|
| 100 |
1 |
|
|a Cilea, Francesco,
|d 1866-1950
|7 ola2002153126
|4 cmp
|
| 245 |
1 |
0 |
|a Adrienne Lecouvreur
|h [hudebnina] :
|b Oper in vier Aufzügen nach E. Scribe u. E. Legouvé von A. Colauti : Klavierauszug /
|c Musik von Francesco Cilea
|
| 260 |
|
|
|a Milano :
|b Sonzogno,
|c 1903
|
| 300 |
|
|
|a 311 s. ;
|c 4°
|
| 700 |
1 |
|
|a Colautti, Arturo,
|d 1851-1914
|7 ola2005253744
|4 lbt
|
| 910 |
|
|
|a BOA001
|b Mus4-0252.080
|
| 990 |
|
|
|a MU
|
| 991 |
|
|
|b 201105
|
| 996 |
6 |
|
|b 2619868379
|c Mus4-0252.080
|l MZK
|r Sklad / do 1 hodiny
|n 4
|w 000299173
|u 000010
|a 1
|e BOA001
|j MZK50
|s P
|